000 00421cam a22001331 4500
050 0 0 _aQD476
_b.B62
100 1 _aBondi, Arnold Aaron,
_d1916-
245 1 0 _aPhysical properties of molecular crystals, liquids, and glasses
_c[by] A. Bondi.
260 _aNew York,
_bWiley
_c[1968]
300 _axix, 502 p.
500 _aIncludes Index
650 0 _bPhysical properties of molecular crystals, liquids, and glasses
942 _cGEN
999 _c2389
_d2389